The Halal Frontier (Record no. 508)
[ view plain ]
| 000 -LEADER | |
|---|---|
| fixed length control field | 01160nab a2200289 u 4500 |
| 001 - CONTROL NUMBER | |
| control field | 03122 |
| 003 - CONTROL NUMBER IDENTIFIER | |
| control field | HDC |
| 007 - PHYSICAL DESCRIPTION FIXED FIELD--GENERAL INFORMATION | |
| fixed length control field | cr bn --- |
| 008 - FIXED-LENGTH DATA ELEMENTS--GENERAL INFORMATION | |
| fixed length control field | 210103b20122012xxk||||| |||| 00| 0 eng d |
| 040 ## - CATALOGING SOURCE | |
| Original cataloging agency | HDC |
| 100 ## - MAIN ENTRY--PERSONAL NAME | |
| Personal name | Jafari, Aliakbar |
| Relator term | author |
| 9 (RLIN) | 2019 |
| 245 #4 - TITLE STATEMENT | |
| Title | The Halal Frontier |
| Remainder of title | : Muslim Consumers in a Globalized Market |
| Statement of responsibility, etc. | / Aliakbar Jafari |
| 260 ## - PUBLICATION, DISTRIBUTION, ETC. | |
| Place of publication, distribution, etc. | United Kingdom: |
| Name of publisher, distributor, etc. | Market Research Society, |
| Date of publication, distribution, etc. | 2011 |
| 300 ## - PHYSICAL DESCRIPTION | |
| Extent | 1 online resource (4 pages) |
| 336 ## - CONTENT TYPE | |
| Content type term | text |
| Source | rdacontent |
| 337 ## - MEDIA TYPE | |
| Media type term | computer |
| Source | rdamedia |
| 338 ## - CARRIER TYPE | |
| Carrier type term | online resources |
| Source | rdacarrier |
| 500 ## - GENERAL NOTE | |
| General note | Extract from: International Journal of Market Research 2012, volume 54, issue 5 (pages 723-725) |
| -- | Book Review from: Johan Fischer, Palgrave Macmillan, 2011 (181 pages) |
| 650 ## - SUBJECT ADDED ENTRY--TOPICAL TERM | |
| Topical term or geographic name entry element | Food |
| General subdivision | Religious aspects |
| -- | Islam |
| 9 (RLIN) | 239 |
| 650 ## - SUBJECT ADDED ENTRY--TOPICAL TERM | |
| Topical term or geographic name entry element | Halal food industry |
| Geographic subdivision | Malaysia |
| 9 (RLIN) | 218 |
| 650 ## - SUBJECT ADDED ENTRY--TOPICAL TERM | |
| Topical term or geographic name entry element | Muslims |
| General subdivision | Dietary laws |
| 9 (RLIN) | 815 |
| 700 ## - ADDED ENTRY--PERSONAL NAME | |
| Personal name | Fischer, Johan |
| 9 (RLIN) | 1110 |
| 856 ## - ELECTRONIC LOCATION AND ACCESS | |
| Public note | Request full-text at [email protected] |
| 942 ## - ADDED ENTRY ELEMENTS (KOHA) | |
| Source of classification or shelving scheme | Library of Congress Classification |
| 942 ## - ADDED ENTRY ELEMENTS (KOHA) | |
| Koha item type | Articles |
| 942 ## - ADDED ENTRY ELEMENTS (KOHA) | |
| Call number prefix | JART 002549 |
| Withdrawn status | Lost status | Source of classification or shelving scheme | Damaged status | Not for loan | Home library | Current library | Shelving location | Date acquired | Total checkouts | Full call number | Date last seen | Price effective from | Koha item type |
|---|---|---|---|---|---|---|---|---|---|---|---|---|---|
| Library of Congress Classification | Halal Development Corporation Library | Halal Development Corporation Library | Open Shelves | 24/05/2023 | JART 002549 | 24/05/2023 | 24/05/2023 | Articles |
